|
|
|
|
| LEADER |
00000nam0a2200000 4500 |
| 001 |
306916 |
| 005 |
20231102001936.0 |
| 010 |
|
|
|a 9785943879807
|
| 035 |
|
|
|a (RuTPU)RU\TPU\book\332193
|
| 090 |
|
|
|a 306916
|
| 100 |
|
|
|a 20151013d2015 km y0rusy50 ca
|
| 101 |
0 |
|
|a rus
|
| 102 |
|
|
|a RU
|
| 105 |
|
|
|a a z 000zy
|
| 200 |
1 |
|
|a Создание эффектных презентаций с использованием PowerPoint 2013 и других программ
|f В. П. Шульгин, М. В. Финков, Р. Г. Прокди
|
| 210 |
|
|
|a Санкт-Петербург
|c Наука и техника
|d 2015
|
| 215 |
|
|
|a 247 с.
|c ил.
|
| 225 |
1 |
|
|a Просто о сложном
|
| 330 |
|
|
|a В данной книге вы найдете описание того, как создавать на компьютере эффектные презентации различного назначения: для учебы, для решения бизнес-задач, для публичных выступлений и т.п. В качестве основного инструмента в книге рассматривается PowerPoint - самое известное и распространенное программное приложение для создания презентаций, но отдельные разделы посвящены еще и созданию презентаций в Интернете (прямо в окне браузера без установки каких-либо программ), подготовке презентаций на планшете, созданию инновационной многомерной презентации-слайда с помощью программы Prezi. В книге вы найдете всю необходимую информацию чтобы создать продуманную, красочную презентацию с красивыми переходами, анимацией, видеовставками и проч.Помимо подготовки значительное внимание в книге уделено показу презентации. Описано, как лучше проводить презентацию, как организовать процесс, как управлять вниманием аудитории слушателей.Книга написана простым и доступным языком с большим количеством пошаговых инструкций и рекомендаций. Рассчитана на самый широкий круг читателей, ведь презентации используются сейчас практически везде.
|
| 606 |
1 |
|
|a Презентации (PR)
|x Создание
|2 stltpush
|3 (RuTPU)RU\TPU\subj\71819
|9 85557
|
| 606 |
1 |
|
|a Графические программы
|2 stltpush
|3 (RuTPU)RU\TPU\subj\71752
|9 85521
|
| 610 |
1 |
|
|a презентационная графика
|
| 610 |
1 |
|
|a презентация
|
| 610 |
1 |
|
|a создание
|
| 610 |
1 |
|
|a PowerPoint 2013
|
| 610 |
1 |
|
|a применение
|
| 610 |
1 |
|
|a доклады
|
| 610 |
1 |
|
|a визуальные дополнения
|
| 610 |
1 |
|
|a макеты
|
| 610 |
1 |
|
|a слайды
|
| 610 |
1 |
|
|a анимация
|
| 610 |
1 |
|
|a промошоу
|
| 610 |
1 |
|
|a показ
|
| 675 |
|
|
|a 659.4
|v 4
|
| 675 |
|
|
|a 004.42:004.92
|v 4
|
| 700 |
|
1 |
|a Шульгин
|b В. П.
|
| 701 |
|
1 |
|a Финков
|b М. В.
|
| 701 |
|
1 |
|a Прокди
|b Р. Г.
|
| 801 |
|
1 |
|a RU
|b 63413507
|c 20151013
|
| 801 |
|
2 |
|a RU
|b 63413507
|c 20151119
|g RCR
|
| 900 |
|
|
|a Информационные технологии
|
| 942 |
|
|
|c BK
|
| 959 |
|
|
|a 117/20150915
|d 2
|e 241,00
|f ЧЗТЛ:1
|